Central Library OPAC University of Rajshahi

Islam and civilization / (Record no. 33000)

MARC details
000 -LEADER
fixed length control field 00920nam a2200265 a 4500
001 - CONTROL NUMBER
control field 33000
003 - CONTROL NUMBER IDENTIFIER
rucl marc code BD-RjUL
005 - DATE AND TIME OF LATEST TRANSACTION
control field 20211209051930.0
008 - FIXED-LENGTH DATA ELEMENTS--GENERAL INFORMATION
fixed length control field 041208s1986 ii 000 0 eng d
035 ## - SYSTEM CONTROL NUMBER
System control number (BD-RjUL)33090
040 ## - CATALOGING SOURCE
Original cataloging agency UkOxU
Language of cataloging eng
Transcribing agency UkOxU
Modifying agency BD-RjUL
041 ## - LANGUAGE CODE
Language code of text/sound track or separate title eng
082 04 - DEWEY DECIMAL CLASSIFICATION NUMBER
Edition number 19
Classification number 297
Author mark and year NAI 1986
100 1# - MAIN ENTRY--PERSONAL NAME
Personal name Nadvī, Abulḥasan ʿAlī,
Dates associated with a name 1913-
9 (RLIN) 98568
245 10 - TITLE STATEMENT
Title Islam and civilization /
Statement of responsibility, etc. by Abul Hasan Ali Nadwi; translation, Mohiuddin Ahmad.
250 ## - EDITION STATEMENT
Edition statement 1st Engl. ed.
260 ## - PUBLICATION, DISTRIBUTION, ETC. (IMPRINT)
Place of publication, distribution, etc. Lucknow :
Name of publisher, distributor, etc. Academy of Islamic Research and Publication,
Date of publication, distribution, etc. 1986.
300 ## - PHYSICAL DESCRIPTION
Pagination 94 p.;
Size 21 cm.
490 1# - SERIES STATEMENT
Series statement Series / Academy of Islamic Research & Publications ;
Volume/sequential designation No. 199
650 #0 - SUBJECT ADDED ENTRY--TOPICAL TERM
Topical term or geographic name as entry element Islamic civilization.
9 (RLIN) 100289
700 1# - ADDED ENTRY--PERSONAL NAME
Personal name Ahmad, Mohiuddin.
830 #0 - SERIES ADDED ENTRY--UNIFORM TITLE
Volume number/sequential designation No. 199.
830 #0 - SERIES ADDED ENTRY--UNIFORM TITLE
Uniform title Series (Academy of Islamic Research & Publications (Lucknow, India)) ;
942 ## - ADDED ENTRY ELEMENTS (KOHA)
Source of classification or shelving scheme Dewey Decimal Classification
Koha item type Books
Holdings
Lost status Source of classification or shelving scheme Damaged status Not for loan Permanent Location Current Location Shelving location Date acquired Source of acquisition Cost, normal purchase price Total Checkouts Full call number Date last seen Copy number Koha item type
  Dewey Decimal Classification   Not For Loan Central Library, University of Rajshahi Central Library, University of Rajshahi Reading Room 30/04/1992 Abacus 0.66   297 NAI 1986 29/04/2014 C-1 Books